| 000 | 00792nam a2200229 a 4500 | ||
|---|---|---|---|
| 001 | BRCA_3535 | ||
| 005 | 20190320204326.0 | ||
| 008 | 290709s1882----be-b---###---#000-0#fre-# | ||
| 041 | _afre | ||
| 044 | _abe | ||
| 050 | 4 |
_aF1233.M3 _b.S37 1882 |
|
| 100 | 1 |
_aSchrynmakers, Arsene de _99174 |
|
| 245 | 1 | 0 |
_aLe Mexique _bHistorie de 1´etablissement et de la chute del 1´empire de Maximilien, d´aprés des documents officiels _cpar A. de Schrynmakers. |
| 260 |
_aBruxelles _bPolytechnique Decq et Duhent _c1882 |
||
| 300 |
_a400 p. _bil., 1 mapa _c23 cm. |
||
| 500 | _aIncluye tabla de materias | ||
| 500 | _aB202 | ||
| 600 | 1 | 4 |
_aMaximiliano _cEmperador de México _d1832-1867 _94582 |
| 651 | 4 |
_aMéxico _xHistoria _yIntervención francesa, 1861-1867 _99175 |
|
| 902 | _aGFM | ||
| 942 |
_2lcc _cB |
||
| 999 |
_c3270 _d3270 |
||